Dormice (Gliridae) in Czechoslovakia. Part 1. Glis glis, Eliomys quercinus (Rodentia: Mammalia) / Miloš Anděra

Hlavní autor: Anděra, Miloš, 1947-
Další autoři: Horáček, Ivan, 1952-
Jazyk: Neurčený, nezjistitelný
Angličtina
Vydáno: Plzeň : Západočeské muzeum, 1986
Edice: Folia Musei rerum naturalium Bohemiae occidentalis. Zoologica
Témata:
Fyzický popis: 61 s. : obr., tb., mp. ; 24 cm
Language note: Česká resumé
Knihy
Uloženo v:
LEADER 01473nam a22003732a 4500
001 000173486
003 CZ BrMZK
005 20210927141844.0
007 ta
008 950101s1986 xr f und d
015 |a cnb000047524 
020 |q (Brož.) :  |c Kčs 2,00 
040 |a ABA001  |b cze  |d ABA001 
041 0 |a eng  |b cze 
080 |a 569.323.2  |2 undef 
100 1 |a Anděra, Miloš,  |d 1947-  |7 jk01010263  |4 aut 
245 1 0 |a Dormice (Gliridae) in Czechoslovakia.  |n Part 1.  |p Glis glis, Eliomys quercinus (Rodentia: Mammalia) / Miloš Anděra 
246 3 0 |a Glis glis, Eliomys quercinus (Rodentia: Mammalia) 
260 |a Plzeň :  |b Západočeské muzeum,  |c 1986  |f (Stráž 101) 
300 |a 61 s. :  |b obr., tb., mp. ;  |c 24 cm 
490 1 |a Folia Musei rerum naturalium Bohemiae occidentalis. Zoologica,  |x 0139-9713 ;  |v No. 24 
500 |a 600 výt. 
501 |a Fossil Records and Chorological Status of Dormice in Czechoslovakia / IvanHoráček 
504 |a Obsahuje bibliografii 
546 |a Česká resumé 
655 7 |a studie  |7 fd133597  |2 czenas 
700 1 |a Horáček, Ivan,  |d 1952-  |7 jk01042018  |4 aut 
830 0 |a Folia Musei rerum naturalium Bohemiae occidentalis.  |p Zoologica 
910 |a BOA001  |b 2-0937.122 
964 |a Plchovití - výskyt - Československo 
964 |a Fosilní plchovití - výskyt - Československo 
990 |a BK 
995 |a 01 
996 6 |b 2619948472  |c 2-0937.122  |l MZK  |r Sklad / do 1 hodiny  |n 1  |w 000173486  |u 000010  |a 1  |e BOA001  |j MZK50  |s P